00499nam a2200181Ia 4500008004100000020001800041050001600059100001900075245002900094245006700123245004100190260001500231260001600246260000900262300001600271300002000287300001000307170918s9999 xx 000 0 und d a9781338013252 bR763no 2014 aRomero, Jordan aNo summit out of sight : btrue story of the youngest person to climb the seven summits / cby Jordan Romero with Linda LeBlanc. aNew York : bScholastic, c2014 a355 pages : billustrations ; c21cm.